000
00188nmm a2200085Ia 4500
008
220120s9999||||xx |||||||||||||||||und||
100
_a
IT
_9
10698
245
0
_a
E-Mail servers
260
_c
2006
999
_c
138484
_d
138484